ARRUPE JESUIT UNIVERSITY

CORONAVIRUS -STOP THE SPREAD - CLEAN,DISINFECT,COVER

Who is Christ? : (Record no. 128395)

MARC details
000 -LEADER
fixed length control field 00896pam a2200265 i 4500
001 - CONTROL NUMBER
control field 3717207
003 - CONTROL NUMBER IDENTIFIER
control field ARRUPE
005 - DATE AND TIME OF LATEST TRANSACTION
control field 20181016112427.0
008 - FIXED-LENGTH DATA ELEMENTS--GENERAL INFORMATION
fixed length control field 800723s1981 ilu b 001 0 eng
010 ## - LIBRARY OF CONGRESS CONTROL NUMBER
LC control number 80020140
020 ## - INTERNATIONAL STANDARD BOOK NUMBER
International Standard Book Number 0819908134 :
Terms of availability $10.00
040 ## - CATALOGING SOURCE
Original cataloging agency DLC
Transcribing agency DLC
Modifying agency DLC
050 00 - LIBRARY OF CONGRESS CALL NUMBER
Classification number BT202
Item number .G287
082 00 - DEWEY DECIMAL CLASSIFICATION NUMBER
Classification number 232
Edition number 19
300 ## - PHYSICAL DESCRIPTION
Dimensions 23 cm.
100 1# - MAIN ENTRY--PERSONAL NAME
Personal name Galot, Jean.
9 (RLIN) 42962
245 10 - TITLE STATEMENT
Title Who is Christ? :
Remainder of title A theology of the incarnation /
Statement of responsibility, etc by Jean Galot.
260 ## - PUBLICATION, DISTRIBUTION, ETC. (IMPRINT)
Place of publication, distribution, etc Rome :
Name of publisher, distributor, etc Gregorian University Press,
Date of publication, distribution, etc c1980.
300 ## - PHYSICAL DESCRIPTION
Extent xv, 408 p. ;
500 ## - GENERAL NOTE
General note Translated from the author's unpublished French ms.
504 ## - BIBLIOGRAPHY, ETC. NOTE
Bibliography, etc Includes bibliographical references and index.
600 00 - SUBJECT ADDED ENTRY--PERSONAL NAME
Personal name Jesus Christ
General subdivision Person and offices.
9 (RLIN) 42963
600 00 - SUBJECT ADDED ENTRY--PERSONAL NAME
Personal name Jesus Christ
General subdivision History of doctrines.
9 (RLIN) 7447
650 #0 - SUBJECT ADDED ENTRY--TOPICAL TERM
Topical term or geographic name as entry element Incarnation.
9 (RLIN) 1309
906 ## - LOCAL DATA ELEMENT F, LDF (RLIN)
a 7
b cbc
c orignew
d 1
e ocip
f 19
g y-gencatlg
942 ## - ADDED ENTRY ELEMENTS (KOHA)
Source of classification or shelving scheme Library of Congress Classification
Koha item type Monograph ( Printed materials)
Holdings
Withdrawn status Lost status Source of classification or shelving scheme Damaged status Not for loan Collection code Home library Current library Shelving location Date acquired Total Checkouts Full call number Barcode Date last seen Price effective from Koha item type
    Library of Congress Classification     Main Collection ARRUPE LIBRARY ARRUPE LIBRARY Main Collection 16/10/2018   BT202 .G287 46600002949 16/10/2018 16/10/2018 Monograph ( Printed materials)

 

Arrupe Library. PO Box MP320 Mt Pleasant, Harare, Zimbabwe
263 242 745411|librarian@aju.ac.zw